000 00297cam a2200121ua 4500
082 _a894.81209
_bGOP/MU
100 _aGopalakrishnan, Chelangattu .
_91737
245 _aMukhom Nokkathe /
250 _a1 /
260 _aErnamkulam :
_bJaya Matha Books ,
_c1967.
300 _a96 ; .
942 _cBK
999 _c12566
_d12566